Guia de recursos i serveis per a la gent gran : abril de 2007 abril de 2007
Descripción Física:
fot. col. ; 21 cm
Materias:
Persones grans -- Guies
MARC
| LEADER | 00000nam a2200000Ia 4500 | ||
|---|---|---|---|
| 001 | 19039, 19040, 19041, 19042, 19043, 19044, 19045, 19046, 19047 | ||
| 008 | 160829s2007 xx 000 0 cat d | ||
| 080 | |a FU-1-18, FU-1-19, FU-1-20, FU-1-22, FU-1-26, FU-1-38, FU-1-40, FU-1-41, FU-1-42 | ||
| 245 | |a Guia de recursos i serveis per a la gent gran : |b abril de 2007 | ||
| 260 | |a Barcelona : |b Diputació de Barcelona. Àrea de Benestar Social, |c 2007 | ||
| 300 | |a fot. col. ; |c 21 cm | ||
| 590 | |a S'inclouen els següents pobles: Avià, Badia del Vallès, Castellbell i el Vilar, Collbató, Dosrius, Marganell, Masies de Voltregà, Sant Pere de Torelló i Sant Salvador de Guardiola | ||
| 650 | 0 | |a Persones grans |v Guies |9 42260 | |
| 710 | 1 | |a Barcelona (Catalunya : Província). |b Àrea de Benestar Social |9 52988 | |
| 901 | |a Arxiu | ||
| 942 | |n 1 | ||
| 952 | |0 0 |1 0 |4 0 |6 FU118_FU119_FU120_FU122_FU126_FU138_FU140_FU141_FU142 |7 1 |9 52191 |a Arxiu |b Arxiu |d 2016-12-01 |l 0 |o FU-1-18, FU-1-19, FU-1-20, FU-1-22, FU-1-26, FU-1-38, FU-1-40, FU-1-41, FU-1-42 |p 19039, 19040, 19041, |r 2016-12-01 00:00:00 |w 2016-12-01 |y ARXIU | ||
| 999 | |c 56039 |d 56039 | ||